Supercalifragilisticexpialidocious - Statistics

General Stats
  • This quiz has been taken 1,125 times
    1,124 since last reset
  • The average score is 7 of 20
Answer Stats
Word No. Answer % Correct
7 it
68%
1 Supercalifragilisticexpialidocious
68%
2 even
59%
5 sound
59%
19 sound
59%
4 the
57%
3 though
54%
6 of
52%
8 is
51%
10 quite
35%
12 if
24%
13 you
24%
11 atrocious
23%
14 say
19%
15 loud
13%
16 enough
12%
18 always
7%
20 precocious
7%
9 really
7%
17 you'll
7%
No matching quizzes found
Score Distribution
Percent of People with Each Score
Percentile by Number Answered
Your Score History
You have not taken this quiz since the last reset